[Event "84th Tata Steel Challengers 2022"]
[Site "Wijk aan Zee"]
[Date "2022.01.16"]
[Round "2.5"]
[White "Maurizzi, Marc`Andria"]
[Black "Jumabayev, Rinat"]
[Result "1/2-1/2"]
[WhiteElo "2496"]
[BlackElo "2631"]
[Annotator "TA"]
[PlyCount "56"]
[EventDate "2022.01.15"]
[EventType "tourn"]
[EventCountry "NED"]
[SourceTitle "playchess.com"]
[Source "ChessBase"]
[SourceQuality "1"]

{[%evp 13,56,20,22,16,25,8,9,10,20,0,6,0,33,-25,12,11,37,39,34,39,55,14,14,17,0,8,8,0,29,16,19,20,31,0,0,0,22,0,0,0,18,0,0,0,18]} 1. d4 d5 2. c4 e6 3. Nc3 Nf6 4. cxd5 exd5 5. Bg5 c6 6. e3 Be7 7. Bd3 Nbd7 {[%cal Bb8d7,Bd7f8,Bf8g6][%mdl 32] 7...Nbd7 scores better than 7...0-0.} 8. h3 {D35: Queen's Gambit Declined: Exchange Variation.} O-O {[%cal Of6e4]} 9. Bf4 Re8 10. Nf3 Nf8 {[#]} 11. Ne5 $146 ({Predecessor:} 11. Qc2 Ng6 12. Bh2 Bd6 13. Bxd6 Qxd6 14. O-O-O b5 15. Kb1 a5 16. Rc1 Bd7 17. g4 Qe7 18. Nd2 Nh4 19. g5 Nh5 20. Bxh7+ Kh8 21. Bd3 Qxg5 22. Rcg1 Qf6 {0-1 (52) Aczel,G (2560)-Prohaszka,P (2570) Ajka 2021}) 11... Ng6 12. Bg3 Bb4 13. Qb3 ({White should try} 13. O-O $14) 13... Qe7 14. O-O Be6 (14... Nh5 $5 {[%cal Rh5g3]}) 15. Qc2 c5 16. dxc5 {[%cal Re5g6]} ({Reject} 16. Bxg6 hxg6 17. Bh4 Rac8 $11) 16... Bxc5 17. Nxg6 (17. Nf3 $14) 17... hxg6 $11 18. Na4 Bb4 19. a3 Rac8 20. Qd1 Bd6 21. Bxd6 Qxd6 22. Nc3 Qb6 23. Na4 Qd6 {The position is equal.} 24. Nc3 Qb6 25. Na4 Qd6 26. Nc3 Qb6 27. Na4 Qd6 {[%cal Oe6h3]} 28. Nc3 Qb6 {Weighted Error Value: White=0.12 (very precise) /Black=0.08 (flawless)} 1/2-1/2

[Event "84th Tata Steel Challengers 2022"]
[Site "Wijk aan Zee"]
[Date "2022.01.16"]
[Round "2.6"]
[White "Dardha, Daniel"]
[Black "Vogel, Roven"]
[Result "1/2-1/2"]
[WhiteElo "2533"]
[BlackElo "2452"]
[Annotator "TA"]
[PlyCount "123"]
[EventDate "2022.01.15"]
[EventType "tourn"]
[EventCountry "NED"]
[SourceTitle "playchess.com"]
[Source "ChessBase"]
[SourceQuality "1"]

{[%evp 12,123,7,9,15,15,9,7,6,1,18,17,20,20,20,21,18,18,21,26,22,22,21,17,18,14,20,15,16,17,21,4,10,0,0,0,0,0,0,0,0,0,10,0,10,4,11,10,22,0,11,11,27,19,13,12,24,8,2,16,37,6,30,0,0,0,21,11,12,18,11,12,7,7,7,7,7,8,9,0,0,0,0,0,0,0,0,0,0,0,0,0,0,0,0,0,0,0,0,0,0,0,0,0,0,0,0,0,0,0,-28000,-28000,-28000,-28000]} 1. d4 d5 2. c4 c6 3. Nf3 Nf6 4. e3 Bg4 5. h3 Bxf3 6. Qxf3 e6 7. Nc3 Bb4 {D11: Slav Defence: 3 Nf3 sidelines and 3...Nf6 4 e3 Bg4.} 8. Bd2 O-O 9. Bd3 Nbd7 {The position is equal.} 10. a3 Bxc3 11. Bxc3 Re8 {[%cal Bf8e8,Be8e5,Be5d5][%mdl 32]} 12. Rd1 e5 13. dxe5 Nxe5 {[#]} 14. Qf5 $146 ({Predecessor:} 14. Qg3 d4 15. Bb1 c5 16. O-O Nh5 17. Qh2 Nf3+ 18. gxf3 Qg5+ 19. Qg2 Qxg2+ 20. Kxg2 dxc3 21. bxc3 {½-½ (72) Hanley,C (2313)-Orr,M (2328) Birmingham 2002}) 14... Qe7 15. Qxe5 Qxe5 16. Bxe5 Rxe5 17. cxd5 Rxd5 18. Ke2 Kf8 19. Bb1 h6 20. Rxd5 Nxd5 $11 {[%mdl 4096] Endgame KRB-KRN} 21. g4 a5 22. Bd3 Re8 23. Kd2 Nf6 24. Rc1 Rd8 25. Ke2 Ke7 26. f3 Nd5 27. Bc4 Nc7 28. h4 Ne8 29. Bd3 Nc7 30. Bc4 Ne8 31. Bb3 Rd6 32. Rc5 b6 33. Rf5 f6 34. g5 hxg5 35. hxg5 fxg5 36. Rxg5 Rh6 37. Rg2 {Inhibits Rh2.} Kf6 38. f4 Rh5 39. Bc2 g5 40. Be4 gxf4 $1 41. exf4 Nd6 42. Bxc6 Rc5 43. Ba8 Rc4 44. Kf3 Rd4 {To avoid Rd2} 45. Re2 Rd3+ 46. Re3 Rxe3+ 47. Kxe3 {[#] Threatens to win with Kd4. KB-KN} Nc4+ 48. Kd4 Nxb2 49. Bc6 Kf5 50. Kc3 Nd1+ 51. Kd2 Nf2 52. Ke2 Ng4 53. Kf3 Nf6 {To avoid Bd7+} 54. a4 Ke6 55. Ke3 Kd6 56. Bf3 Kc5 57. f5 b5 58. axb5 a4 {[#] Hoping for ...a3.} 59. Kd3 $2 {[%mdl 8192]} (59. b6 $11 Kxb6 60. Kd4) 59... a3 60. Kc3 {Strongly threatening Bc6.} Kxb5 (60... a2 $5 61. Kb2 Kxb5 $11) 61. Kb3 Kc5 62. Kxa3 {[%mdl 32768] Weighted Error Value: White=0.04 (flawless) /Black=0.02 (flawless) . An unexpected result.} 1/2-1/2

[Event "84th Tata Steel Challengers 2022"]
[Site "Wijk aan Zee"]
[Date "2022.01.16"]
[Round "2.7"]
[White "L'Ami, Erwin"]
[Black "Zhu, Jiner"]
[Result "1-0"]
[WhiteElo "2622"]
[BlackElo "2478"]
[Annotator "TA"]
[PlyCount "83"]
[EventDate "2022.01.15"]
[EventType "tourn"]
[EventCountry "NED"]
[SourceTitle "playchess.com"]
[Source "ChessBase"]
[SourceQuality "1"]

{[%evp 11,83,15,12,9,10,9,10,-9,-8,-6,0,-5,6,3,33,20,21,33,26,0,0,8,18,18,27,27,33,18,21,18,18,-14,0,0,0,-8,-8,-13,-12,-9,0,0,0,0,0,0,0,0,0,0,-4,-5,0,0,0,0,0,0,0,0,156,119,131,113,217,216,505,484,612,604,626,604,1104,597]} 1. e4 c5 2. Nf3 Nc6 3. Bb5 g6 4. O-O Bg7 5. Re1 e5 6. d3 Nge7 7. Bg5 {B31: Sicilian: 2...Nc6 3 Bb5 g6.} h6 8. Bxe7 Nxe7 9. Nc3 {[#] The position is equal.} a6 $146 ({Predecessor:} 9... O-O 10. Bc4 d6 11. Nd5 Nc6 12. a3 Kh7 13. b4 f5 14. bxc5 dxc5 15. exf5 gxf5 {1-0 (38) Guerra Bastida,D (2367)-Moreno Ruiz,J (2471) Linares 2013}) 10. Bc4 b5 11. Bb3 Bb7 12. a4 Qb6 (12... b4 $5 {[%cal Rb4c3]} 13. Nd5 O-O $11) 13. axb5 axb5 14. Rxa8+ Bxa8 15. Qa1 O-O 16. Qa2 {[%cal Ob3f7]} Bb7 17. Nd5 Nxd5 18. Bxd5 d6 {[%cal Bd7d6,Bd6d5][%mdl 32]} 19. Bxb7 Qxb7 20. Ra1 c4 21. Nd2 ({Of course not} 21. dxc4 Qxe4 22. cxb5 Qxc2 $17) 21... d5 22. dxc4 dxc4 23. Qa3 Rd8 24. Qe3 Bf8 25. Nf3 Qc7 26. g3 Rd7 27. Kg2 Kg7 28. Qe2 Bc5 29. Rd1 Rxd1 30. Qxd1 Qc6 31. Qe2 Qd6 32. b3 cxb3 $1 33. cxb3 b4 34. Qc4 Bb6 35. h4 {[%cal Bh2h4,Bh4h5][%mdl 32]} f6 $2 (35... h5 $11) 36. h5 $1 $16 {Black must now prevent hxg6.} Qc5 {[#]} 37. Qe2 g5 {[#]} (37... f5 $16 {was called for.}) 38. Nh2 $1 $18 f5 $2 (38... Qc8 39. Qb5 Bc5) 39. exf5 {White is clearly winning.} Qd5+ 40. f3 Qd4 41. Kh3 Qa1 42. Qc4 {Weighted Error Value: White=0.03 (flawless) /Black=0.30} 1-0

[Event "84th Tata Steel Challengers 2022"]
[Site "Wijk aan Zee"]
[Date "2022.01.17"]
[Round "3.1"]
[White "Vogel, Roven"]
[Black "Murzin, Volodar"]
[Result "1/2-1/2"]
[WhiteElo "2452"]
[BlackElo "2519"]
[Annotator "TA"]
[PlyCount "53"]
[EventDate "2022.01.15"]
[EventType "tourn"]
[EventCountry "NED"]
[SourceTitle "playchess.com"]
[Source "ChessBase"]
[SourceQuality "1"]

{[%evp 9,53,29,32,28,21,22,29,17,24,21,32,19,37,13,20,16,15,13,11,19,12,16,14,0,1,0,2,8,17,15,17,8,6,0,0,0,0,0,0,0,0,0,0,0,0,0]} 1. d4 d5 2. c4 c6 3. cxd5 cxd5 4. Nc3 e6 5. Bf4 Bd6 6. Bxd6 {D10: Slav Defence: 3 cxd5 (without early Nf3) and 3 Nc3.} Qxd6 7. e3 Ne7 8. Bd3 {White has an edge.} Nbc6 9. Rc1 {[#]} Bd7 $146 ({Predecessor:} 9... O-O 10. Nf3 h6 11. O-O Bd7 12. Na4 Rfc8 13. Nc5 Rc7 14. Qb3 Nd8 15. Rc3 Be8 {½-½ (59) Le,Q (2703)-Wang,Y (2723) Beijing 2013}) 10. Bb1 O-O 11. Qd3 {[%csl Gb1][%cal Rd3h7] [#]} Ng6 {The position is equal.} 12. Nge2 Rfc8 13. O-O Be8 14. Qd2 Na5 15. b3 {Inhibits Nc4.} Nc6 16. Na4 Nce7 17. Nec3 Bxa4 18. Nxa4 Rxc1 19. Rxc1 Rc8 20. Rxc8+ Nxc8 21. Bxg6 hxg6 22. Qc1 Qd8 23. h3 Ne7 24. Nc5 b6 25. Nd3 g5 26. a4 a5 27. b4 {An interesting draw.  Weighted Error Value: White=0.03 (flawless) /Black=0.03 (flawless)} 1/2-1/2

[Event "84th Tata Steel Challengers 2022"]
[Site "Wijk aan Zee"]
[Date "2022.01.17"]
[Round "3.2"]
[White "Erigaisi Arjun"]
[Black "Dardha, Daniel"]
[Result "1-0"]
[WhiteElo "2629"]
[BlackElo "2533"]
[Annotator "TA"]
[PlyCount "83"]
[EventDate "2022.01.15"]
[EventType "tourn"]
[EventCountry "NED"]
[SourceTitle "playchess.com"]
[Source "ChessBase"]
[SourceQuality "1"]

{[%evp 29,83,0,37,43,43,38,41,41,47,36,51,37,39,36,64,37,43,37,47,27,31,34,38,0,0,16,16,0,20,0,68,44,22,33,297,288,499,500,532,525,514,488,478,483,467,454,488,518,531,511,522,533,527,527,487,479]} 1. e4 {Chekhov,V} c5 2. Nf3 {[%cal Bg1f3,Bf3d4,Bd4b5,Bb5a3,Ba3c2][%mdl 32]} Nc6 3. d4 cxd4 4. Nxd4 e5 5. Nb5 d6 6. c4 Be7 7. N1c3 a6 8. Na3 Be6 9. Nc2 Bg5 10. Be2 Bxc1 11. Rxc1 Nf6 12. O-O O-O 13. Qd2 Qe7 14. Nd5 Qd8 15. Nc3 Qb6 16. Rfd1 {B32: Sicilian: Löwenthal and Kalashnikov Variations.} Rac8 (16... Qxb2 $2 17. Rb1 Qxb1 18. Rxb1 $18) 17. b3 Rfd8 18. h3 {White is slightly better.} Qa7 19. Bf1 {[#]} Ne7 $146 ({Predecessor (2):} 19... Qb8 20. Re1 Qa7 21. Rcd1 Ne7 22. Re3 Rd7 23. Rd3 Ne8 24. Kh2 Rdc7 25. g3 Qc5 {1-0 (61) Timoshenko,G (2515)-Kiselev,S (2510) Bucharest 1993 CBM 034 [Chekhov,V]}) 20. Ne3 Qb8 21. Qd3 h5 22. h4 Qa7 23. Be2 Kf8 24. Bf3 g6 25. Qd2 Kg7 26. Ne2 b5 27. Ng3 {[%cal Oe3f5]} bxc4 28. bxc4 {[%cal Oe3f5]} Kh7 29. Rc3 Rc6 {[#]} (29... Neg8 $11) 30. Nef5 $1 {White wants to mate with Qh6+.} Neg8 {Inhibits Qh6+.} ({Weaker is} 30... gxf5 31. exf5 Rxc4 32. fxe6 Rxc3 33. Qxc3 fxe6 34. Qd2 $16 (34. Nxh5 Nxh5 35. Bxh5 Nf5 $14)) 31. Qg5 {[%cal Rg3h5] aiming for Nxh5!} Bxf5 $4 {[%mdl 8192] A mistake that costs the game.} ({Black should try} 31... Qc7 $14) 32. exf5 $18 Rcc8 $2 (32... d5 {was necessary.} 33. Rcc1 (33. fxg6+ fxg6 34. Rcc1 Nh6 $18) 33... Rdc8) 33. Be4 {White is clearly winning.} Nxe4 34. Nxe4 Qe7 35. Rg3 {[%cal Rf5g6]} Qxg5 36. Nxg5+ ({Not} 36. Rxg5 Rxc4 37. Rxd6 Rxd6 38. Nxd6 Rxh4 $11) 36... Kg7 37. fxg6 Nh6 38. gxf7 Rd7 39. Ne4+ Kf8 {[#]} 40. Rg8+ $1 {[%mdl 512]} Nxg8 41. fxg8=Q+ Kxg8 42. Nf6+ {Weighted Error Value: White=0.09 (flawless) /Black=0.38} 1-0

[Event "84th Tata Steel Challengers 2022"]
[Site "Wijk aan Zee"]
[Date "2022.01.17"]
[Round "3.3"]
[White "Ganguly, Surya Shekhar"]
[Black "Warmerdam, Max"]
[Result "1/2-1/2"]
[WhiteElo "2627"]
[BlackElo "2599"]
[Annotator "TA"]
[PlyCount "75"]
[EventDate "2022.01.15"]
[EventType "tourn"]
[EventCountry "NED"]
[SourceTitle "playchess.com"]
[Source "ChessBase"]
[SourceQuality "1"]

{[%evp 13,75,14,21,9,10,0,14,3,4,0,0,0,0,-17,0,-8,0,-45,-10,-17,-8,-32,-33,-33,0,0,0,0,11,18,25,25,32,25,68,67,54,51,41,45,75,0,0,0,0,0,5,0,0,0,0,-47,-47,-48,-46,-49,-49,-45,-40,-47,-49,-49,-48,-43]} 1. d4 d5 2. c4 e6 3. Nf3 Nf6 4. g3 Bb4+ 5. Bd2 Be7 6. Bg2 O-O 7. O-O Nbd7 8. a4 {E11: Bogo-Indian.} a5 9. Qc2 c6 10. Rc1 {The position is equal.} Ne4 11. Be1 f5 12. e3 g5 {[%cal Bg7g5,Bg5g4][%mdl 32] [#]} 13. Nfd2 $146 ({Predecessor:} 13. Nc3 Bd6 14. Na2 g4 15. Nd2 Ng5 16. b4 axb4 17. Rcb1 Nf6 18. Nxb4 Nfe4 19. Nd3 {1-0 (57) Sumets,A (2570)-Mesaros,F (2405) Germany 2020}) 13... Ndf6 14. f3 Nd6 15. Rd1 (15. c5 $11 {feels stronger.} Nf7 16. Nb3) 15... g4 16. c5 Nde8 17. f4 h5 18. Nc3 Ne4 19. Nb3 {[%cal Bd2b3,Bb3c1,Bc1d3,Bd3e5][%mdl 32]} Qc7 20. Nc1 (20. Bxe4 fxe4 21. Ne2 Ng7 $15) 20... Bd8 21. Nd3 ({Of course not} 21. Bxe4 fxe4 22. Rb1 Ng7 $15) 21... N8f6 22. Ne5 Qh7 23. Bf1 Nd7 (23... Bc7 $11) 24. Nxe4 $14 {White is more active.} fxe4 25. h3 Nxe5 26. dxe5 gxh3 {[#]} 27. Qh2 (27. Rd2 $1 $16) 27... b6 $11 28. b4 axb4 29. Bxb4 Be7 $132 {[%mdl 2048] Black is not keeping still} 30. Rdc1 $1 Qg6 31. Qxh3 Ba6 {Inhibits Be2.} 32. Ra2 (32. cxb6 $11 {was preferrable.} Bxb4 33. Rxc6) 32... Bxf1 $15 {Black is slightly better.} 33. Kxf1 Rfb8 34. cxb6 Bxb4 35. Rxc6 Qg4 36. Qxg4+ hxg4 37. Rxe6 Ra6 38. Rg6+ {Weighted Error Value: White=0.10 (very precise) /Black=0.05 (flawless)} 1/2-1/2

[Event "84th Tata Steel Challengers 2022"]
[Site "Wijk aan Zee"]
[Date "2022.01.17"]
[Round "3.5"]
[White "Jumabayev, Rinat"]
[Black "Van Foreest, Lucas"]
[Result "1-0"]
[WhiteElo "2631"]
[BlackElo "2530"]
[Annotator "TA"]
[PlyCount "87"]
[EventDate "2022.01.15"]
[EventType "tourn"]
[EventCountry "NED"]
[SourceTitle "playchess.com"]
[Source "ChessBase"]
[SourceQuality "1"]

{[%evp 15,87,0,0,0,0,0,0,0,0,0,0,0,0,-28,-16,-12,78,64,37,51,116,131,101,88,133,97,133,134,126,137,135,146,141,139,129,138,247,243,252,206,339,327,349,344,325,328,275,205,590,600,557,498,489,495,500,489,496,500,481,490,481,454,440,413,541,506,647,637,777,795,813,801,1195,827]} 1. d4 d5 2. c4 c6 3. Nf3 Nf6 4. Nc3 e6 5. g3 Nbd7 6. Bg2 dxc4 7. O-O $1 {The main line 7.0-0 scores better than 7.a4.} b5 8. e4 Bb7 9. e5 {E01: Catalan: Early deviations.} Nd5 10. Ng5 Be7 {And now ...Nxc3 would win.} 11. Qh5 $1 {[%csl Gg5,LRe6,LRf7,LRh7][%cal Rh5f7] The position is equal.} g6 12. Qh6 Bf8 {Inhibits Qg7.} 13. Qh3 $40 {[%mdl 128] White has some attack.} Be7 14. Bxd5 $5 {[%mdl 4] Exploring less charted territory.} cxd5 15. Nxb5 {[#]} Qb6 $146 (15... h6 $11) ({Predecessor:} 15... h6 16. Nf3 Ba6 17. Nc3 Nb8 18. Be3 Nc6 19. Rfb1 Kf8 20. Qf1 Rb8 21. Qd1 Kg7 {½-½ (38) Gullotto,V (2293)-Reuter,P (2324) ICCF email 2017}) 16. Nd6+ $1 $16 (16. a4 h6 $15) 16... Bxd6 17. exd6 {Black must now prevent Re1.} Qxd6 ({Black should try} 17... Qxd4 $14 18. Re1 (18. Nxe6 fxe6 19. Qxe6+ Kd8 $17) 18... Bc6) 18. Re1 $1 Nf8 19. Qh6 {Strongly threatening Qg7.} (19. Bf4 $6 Qe7 $11) 19... Nd7 20. Bf4 Qf8 {[#]} 21. Nxe6 $1 {[%mdl 512]} fxe6 22. Rxe6+ Kd8 (22... Kf7 $2 23. Rae1 Qxh6 24. Re7+ Kf6 25. Bxh6 $18) 23. Qh4+ {[%mdl 1024] White has strong compensation.} Kc8 24. Rae1 {Rd6 is the strong threat.} a5 {[#]} 25. Qh6 $1 {White is much more active. Black has bad knights.} Qd8 {[#]} (25... Kd8 $16) 26. Qg7 $1 $18 {[%cal Og7h8] Intending Qxh8! and mate.} Rf8 {[%cal Of8f4]} 27. Bd6 Ra6 (27... Rf6 $142 28. Rxf6 (28. Re8 Rxd6 29. Qxh7 a4 $11) 28... Nxf6) 28. Bxf8 Rxe6 29. Rxe6 Nxf8 30. Re7 Nd7 31. Qxh7 {Hoping for h4.} c3 $2 (31... Bc6 {is more resistant.} 32. h4 (32. Qxg6 Qxe7 33. Qxc6+ Kd8 $16) 32... a4) 32. bxc3 Bc6 33. Re6 Bb5 34. Qf7 {Threatens to win with Re8.} Qc7 35. Re8+ Kb7 36. Qxd5+ Bc6 37. Qe6 Nb6 38. Re7 Bd7 39. Qe4+ Ka7 40. Qd3 {White is clearly winning.} Qd6 41. Rg7 Qe6 42. c4 g5 43. d5 Qe5 44. Qh7 {Weighted Error Value: White=0.07 (flawless) /Black=0.38} 1-0

[Event "84th Tata Steel Challengers 2022"]
[Site "Wijk aan Zee"]
[Date "2022.01.17"]
[Round "3.6"]
[White "Shuvalova, Polina"]
[Black "L'Ami, Erwin"]
[Result "0-1"]
[WhiteElo "2516"]
[BlackElo "2622"]
[Annotator "TA"]
[PlyCount "84"]
[EventDate "2022.01.15"]
[EventType "tourn"]
[EventCountry "NED"]
[SourceTitle "playchess.com"]
[Source "ChessBase"]
[SourceQuality "1"]

{[%evp 12,84,-23,-21,-20,-14,0,-18,-8,-23,-22,-27,-30,-12,22,0,0,0,20,-71,18,16,24,41,150,145,147,159,318,-131,-119,-92,16,35,36,54,21,-427,-412,-556,-538,-515,-499,-555,-393,-519,-235,-737,-719,-712,-712,-703,-697,-666,-662,-1833,-1842,-29980,-1255,-1237,-1177,-29977,-29978,-29985,-849,-29980,-29981,-29981,-29982,-29982,-29976,-29978,-29975,-29981,-29981]} 1. d4 d5 {[%cal Bd7d5,Bd5c4][%mdl 32]} 2. c4 e6 3. Nc3 c6 4. Nf3 dxc4 5. e4 b5 6. Be2 Bb7 7. O-O {[%cal Od4d5]} Nf6 {Prevents d5. D31: Queen's Gambit Declined: Semi-Slav without ...Nf6 (+ Marshall Gambit and Noteboom) and Exchange Variation lines without ...Nf6.} 8. b3 cxb3 9. Qxb3 {[%cal Od4d5]} Be7 {The position is equal.} 10. e5 Nd5 {[#]} 11. Nxd5 $146 ({Predecessor:} 11. Ne4 h6 12. Bd2 a5 13. Ne1 Qb6 14. Nc2 Nd7 15. Qg3 g6 16. Rab1 Ba6 17. Rfc1 b4 18. Bxa6 Qxa6 19. Ne3 Nxe3 20. Qxe3 {½-½ (20) Stupak,K (2518)-Zarubitski,V (2432) Moscow 2020}) 11... Qxd5 12. Qb1 Nd7 13. a4 b4 14. a5 Rb8 15. Bg5 (15. Be3 $11 {remains equal.}) 15... Bxg5 ({Black should play} 15... c5 $1 $17 16. Bxe7 (16. a6 Ba8 $17) 16... Kxe7 17. dxc5 Rhc8 18. Qxb4 Qxc5 19. Qh4+ Kf8) 16. Nxg5 $11 Qxd4 17. Nxf7 Kxf7 ({Black should try} 17... O-O $14 18. Rd1 (18. Ng5 Rf5 $11) 18... Qh4 $1 19. Rxd7 Rxf7) 18. Rd1 $16 Qxe5 19. Rxd7+ Kf6 $2 {[#]} (19... Kf8 $16 {is a better defense.}) 20. Qd1 $2 (20. Qxb4 $1 $18 {Intending Qe7+ and mate.} Qxa1+ 21. Bd1) 20... c5 $17 21. Bf3 {[#] To avoid Bd5} ({But not} 21. a6 $2 Bc6 22. Rd3 Be4 $19) 21... Bxf3 (21... Ba6 $1 $17 {[%cal Ra6b5] White must now prevent ...Bb5.} 22. Bh5 g6 23. Qf3+ Qf5) 22. Qxf3+ $11 Kg5 {[%cal Bf6g5,Bg5h6,Bh6g6][%mdl 32]} 23. h4+ {[%mdl 1024] White has compensation.} Kh6 24. g4 $2 {[%mdl 8192]} Rhf8 $19 (24... Qxa1+ {gets mated.} 25. Kg2 Qf6 26. g5+) 25. g5+ Kg6 26. Qd3+ Qf5 27. Qg3 {[%cal Oh4h5]} Qf4 {And now ...Qxg3+ would win.} 28. Qg2 Qf3 (28... b3 $142 29. h5+ Kxh5 30. Rxg7 b2 31. Qh3+ Qh4 32. Qxh4+ Kxh4) 29. Qh2 (29. h5+ Kxh5 30. Rxg7) 29... Rf4 {Hoping for ...Kh5.} 30. Re1 Rbf8 {...Kh5 is the strong threat.} 31. h5+ Kxg5 {aiming for ...Kh6.} 32. Rxg7+ Kh6 33. Rg2 Re4 {[%cal Re4e1]} 34. Rc1 Rg4 (34... Rd8 $142 35. Rf1 Rd1 36. Rg3 Rxf1+ 37. Kxf1 Qd1+ 38. Kg2 b3 39. Qh3 b2 40. Rb3 Rg4+ 41. Qxg4 Qxg4+ 42. Kh2 Qxh5+ 43. Kg3 c4 44. Rxb2 Qe5+ 45. f4 Qxb2 46. f5 c3 47. f6 c2 48. f7 Qg7+ 49. Kf4 c1=Q+ 50. Kf3 Qgc3+ 51. Kg2 Q1d2+ 52. Kh1 Qcc1#) 35. Rxg4 Qxg4+ {[%mdl 4096] Endgame KQR-KQR} 36. Kf1 c4 {[%cal Bc5c4,Bc4c3][%mdl 32]} 37. Qd6 Qf4 (37... Qh3+ $142 38. Ke1 Qh1+ 39. Ke2 Qf3+ 40. Ke1 Qxf2+ 41. Kd1 Qf3+ 42. Kd2 Qg2+ 43. Ke3 Qf2+ 44. Ke4 Qe2+ 45. Kd4 Qd2+ 46. Kc5 Rc8+ 47. Qc6 Qd5+ 48. Kxb4 Qxc6 49. Rf1 Qd6+ 50. Kc3 Qd3+ 51. Kb2 Rb8+ 52. Ka2 Qd2+ 53. Ka3 Qxa5#) 38. Qxe6+ Rf6 {[%csl Gf6][%cal Rf4f2] Black mates.} 39. Qe1 c3 40. Rc2 Qc4+ 41. Kg1 Rf5 42. f4 Qxf4 {Never resign too early!  Weighted Error Value: White=0.91/Black=0.51} 0-1

[Event "84th Tata Steel Challengers 2022"]
[Site "Wijk aan Zee"]
[Date "2022.01.17"]
[Round "3.7"]
[White "Bjerre, Jonas Buhl"]
[Black "Maurizzi, Marc`Andria"]
[Result "1-0"]
[WhiteElo "2586"]
[BlackElo "2496"]
[Annotator "TA"]
[PlyCount "47"]
[EventDate "2022.01.15"]
[EventType "tourn"]
[EventCountry "NED"]
[SourceTitle "playchess.com"]
[Source "ChessBase"]
[SourceQuality "1"]

{[%evp 9,47,30,20,21,25,25,31,-6,-4,0,0,-5,0,0,0,0,0,0,14,8,35,29,25,28,27,29,28,14,107,107,112,106,104,124,142,143,142,143,974,961]} 1. Nf3 d5 2. g3 Nd7 3. d4 Nb6 4. Nc3 {[#]} c6 $146 ({Predecessor:} 4... Nf6 5. a4 a5 6. Bg2 Bf5 7. Nh4 e6 8. Nxf5 exf5 9. Qd3 Qd7 10. O-O Bb4 11. Bh3 {1-0 (60) Svane,R (2628)-Vachier Lagrave,M (2766) Chess.com INT 2021}) 5. a4 a5 6. e4 {D02: 1 d4 d5 2 Nf3 sidelines, including 2...Nf6 3 g3 and 2...Nf6 3 Bf4.} dxe4 7. Nxe4 Nf6 8. Nc5 {White is slightly better.} e5 $1 9. Qe2 {[%cal Od4e5]} Bxc5 10. dxc5 Nbd7 11. Nxe5 O-O {[%cal Bh8f8,Bf8e8,Be8e5][%mdl 32] aiming for ...Nxe5.} 12. Nxd7 Bxd7 13. Bg2 Re8 14. Be3 Ng4 (14... Bf5 {keeps more tension.} 15. O-O Ng4 16. Ra3 Qf6 17. Rb3 Rab8) 15. O-O-O Nxe3 16. fxe3 {[%cal Og2h3,Bf2e3,Be3e4][%mdl 32]} Qc7 17. Rd6 Re5 $1 18. Rhd1 Bf5 (18... Be8 $1 $11) 19. e4 $16 {And now Qh5 would win.} Rae8 20. Qh5 g6 21. Qh4 $36 {[%mdl 2048] Black is under strong pressure. White is more active.} Be6 {[#]} 22. Qf6 $1 ({Don't take} 22. Rd8 $6 Rxd8 23. Qxd8+ (23. Rxd8+ Kg7 $11) 23... Qxd8 24. Rxd8+ Kg7 $14) 22... Bg4 {[#]} 23. Bf3 Bxf3 {[%mdl 8192]} (23... R5e6 $16 24. Rxe6 Bxe6) 24. Rd7 {[%mdl 64] Skewer, Double Attack.  Weighted Error Value: White=0.03 (flawless) /Black=0.12 (very precise)} ({Weaker is} 24. Qxf3 Qe7 $16) 1-0

[Event "84th Tata Steel Challengers 2022"]
[Site "Wijk aan Zee"]
[Date "2022.01.18"]
[Round "4.1"]
[White "Murzin, Volodar"]
[Black "L'Ami, Erwin"]
[Result "1/2-1/2"]
[WhiteElo "2519"]
[BlackElo "2622"]
[Annotator "TA"]
[PlyCount "87"]
[EventDate "2022.01.15"]
[EventType "tourn"]
[EventCountry "NED"]
[SourceTitle "playchess.com"]
[Source "ChessBase"]
[SourceQuality "1"]

{[%evp 23,87,10,26,0,13,0,14,0,0,-19,-17,-43,-24,-24,-26,-22,-21,-25,-19,-19,-17,-48,-21,-21,-6,-24,-16,-16,-16,-17,-27,-18,0,0,0,0,0,0,0,0,0,0,1,2,6,6,14,0,8,8,8,0,0,0,0,0,0,0,0,0,0,0,0,0,0,0]} 1. e4 {Marin,M} e5 2. Nf3 Nc6 3. Bb5 {[%cal Bf1b5,Bb5a4,Ba4b3][%mdl 32]} a6 4. Ba4 Nf6 5. O-O Be7 6. Re1 b5 7. Bb3 d6 8. a4 Bd7 9. c3 O-O 10. h3 h6 11. d4 Re8 12. Nbd2 Bf8 13. dxe5 {C93: Closed Ruy Lopez: Smyslov Variation.} Nxe5 14. Nxe5 dxe5 {[#]} 15. Nf3 $146 ({Predecessor:} 15. Nf1 c5 16. Bc2 Bc6 17. Qxd8 Rexd8 18. f3 c4 19. Be3 Nd7 20. Red1 Rdb8 21. axb5 axb5 {½-½ (72) Cori,J (2418)-Marin,M (2564) Porto Mannu 2009 CBM 130 Extra [Marin,M]}) 15... c5 {[%cal Bc7c5,Bc5c4][%mdl 32]} 16. Bc2 c4 17. Be3 Qc7 18. Nd2 Bc5 19. Qf3 {[%cal Oe3h6]} Bxe3 20. Qxe3 Be6 21. axb5 axb5 22. Nf3 Nd7 23. Nh4 Qc5 24. Qg3 Nf6 25. Rxa8 Rxa8 26. Nf5 Bxf5 27. exf5 Re8 {The position is equal.} 28. Qe3 Qxe3 29. Rxe3 $11 {[%mdl 4096] Endgame KRB-KRN} Kf8 30. Be4 Rc8 {Inhibits Bc6.} 31. Kf1 Ne8 32. Bf3 Rc5 33. g4 Nd6 34. Re1 Ke7 35. Kg2 g6 36. fxg6 fxg6 37. Kf1 g5 38. Ra1 e4 39. Bg2 Kf6 40. Ra7 Rd5 {Threatens to win with ...Rd2.} 41. Ke1 {To avoid Rd2} Rd3 42. Bf1 Rd5 43. Bg2 Rd3 44. Bf1 {An even fight not without its subleties.  Weighted Error Value: White=0.05 (flawless) /Black=0.04 (flawless)} 1/2-1/2